000 00855nas a2200265 4500
001 BR2018000432
003 BR-BrBNA
005 20231205131239.0
007 ta
008 230509b bl.|||p| |||| 00| 00por d
040 _aBR-BrBNA
_bpor
_cBiblioteca Nacional de Agricultura
041 _a(En)
072 _aF50
100 1 _aSilva, A. de L.
100 1 _aAlves, M.V. da S.
100 1 _aCoan, A.I.
245 1 _aImportance of anatomical leaf features for characterization of three species of Mapania (Mapanioideae, Cyperaceae)from the Amazon forest, Brazil
650 _aCYPERACEAE
650 _aANALISE FOLIAR
650 _aANATOMIA VEGETAL
650 _aAMAZONIA
773 0 _tActa Amazônica (Brazil)
_xISSN 0044-5967
_g(Dec 2014), v. 44(4) p. 447-456
_wBR2018000432
909 _a202311
_bLúcia
_c55
_dLúcia Elande
942 _2AGRIS
_n0
_cANA
999 _c253776
_d253776